| 000 | 00622nam a2200205 u 4500 | ||
|---|---|---|---|
| 005 | 20240228063636.0 | ||
| 008 | 101011s2008 es r 000 0 spa d | ||
| 020 | _a9788466776936 | ||
| 035 | _aUPN01000178116 | ||
| 049 | _aI | ||
| 050 | 4 |
_aPZ78 _bC3.26 |
|
| 100 | 1 |
_aCasalderrey Fraga, Fina, _d1951- _931026 |
|
| 245 | 1 | 0 |
_aDos lágrimas por máquina / _cFina Casalderrey ; il. Anuska Allepuz. |
| 260 |
_aMadrid : _bAnaya, _c2008. |
||
| 300 |
_a136 p. : _bil. |
||
| 440 | 0 |
_aSopa de libros ; _v126 |
|
| 650 | 4 |
_aLiteratura infantil española _95892 |
|
| 650 | 4 |
_aAMOR - _vLITERATURA INFANTIL _911101 |
|
| 905 | _aInfantil | ||
| 999 |
_c150219 _d150219 |
||